| 000 | 01846cam a22004454i 4500 | ||
|---|---|---|---|
| 003 | PE-LiUPU | ||
| 005 | 20250731183347.0 | ||
| 008 | 140723s2003 sp e 000 0 spaod | ||
| 020 | _a8495692325 | ||
| 020 | _a8880582321 | ||
| 020 | _a9788495692320 | ||
| 020 | _a9788880582328 | ||
| 035 | _a(Sirsi) i9788495692320 | ||
| 040 |
_aROULB _bspa _eISBD(M) _cROULB _dPE-LiUPU _erda |
||
| 041 | 0 |
_aspa _aita _apor |
|
| 049 | _aPRUA | ||
| 082 |
_a729 _bA5 _220 |
||
| 245 | 0 | 0 |
_aAmbientes jóvenes : _bSpazi moderni = _pAmbientes jovens / _ccoordinación y redacción: Patricia Bueno ; traducción Raffaella Coia (italiano), Anabella Rodrigues (português). |
| 264 |
_aBarcelona : _bAtrium Group, _c2003. |
||
| 300 |
_a575 páginas : _bilustraciones ; _c20 centímetros. |
||
| 336 |
_text _2rdacontent |
||
| 337 |
_unmediated _2rdamedia |
||
| 338 |
_volume _2rdacarrier |
||
| 505 | 2 | _aDivertidos y coloristas -- Naturales y ecológicos -- Innovadores -- Vanguardistas -- Nostálgicos y tradicionales -- Minimalistas y esenciales -- Interculturales y viajeros. | |
| 526 | _aP158 | ||
| 526 | _aP146 | ||
| 526 | _aP17 | ||
| 526 | _aP12 | ||
| 526 | _aP06 | ||
| 541 | _g003-001197; | ||
| 650 | 1 | 4 | _aDecoración interior. |
| 700 | 1 |
_aBueno, Patricia, _ecoordinador. |
|
| 700 | 1 |
_aCoia, Raffaella, _etraductor. |
|
| 700 | 1 |
_aRodrigues, Anabella, _etraductor. |
|
| 942 |
_2ddc _cBOOK |
||
| 949 |
_a729 A5 _wDEWEY _c1 _i73935 _lCCODEBUL1 _mBUL _p12.03 _r0 _sY _tBOOK _u2016-06-22 _xINGENIERIA _PP06 _0COMPRA _o.STAFF. Colección General |
||
| 994 |
_aC0 _bPEPRU |
||
| 596 | _a1 | ||
| 999 |
_a729 A5 _wDEWEY _c10169 _i73935 _d10169 _e2019-3-21 _f2021-11-10 _g7 _lCCODEBUL1 _mBUL _n1 _p12.03 _r0 _sY _tBOOK _u2016-6-22 _xINGENIERIA _PP06 _0COMPRA _o.STAFF. Colección General |
||
| 980 |
_81 _gALBERTO SANCHEZ Responsable de Automatización |
||